Učebnice hospodářské politiky

Teoretické zdroje formovania teórie hospodárskej politiky. Vývoj teórie hospodárskej politiky. Dve skupiny prístupu štátu k hospodárstvu: liberálna hospodárska politika, intervencionistická hospodárska politika. Smery, propagujúce liberálnu hospodársku politiku - fyziokrati, klasický liberalizmus, n...

Ausführliche Beschreibung

Gespeichert in:
Bibliographische Detailangaben
1. Verfasser: Žák, M.Z
Format: Buchkapitel
Sprache:Tschechisch
Schlagworte:
Tags: Tag hinzufügen
Keine Tags, Fügen Sie das erste Tag hinzu!

MARC

LEADER 00000naa a2200000 4500
001 r016686
005 20221208131201.4
041 0 |a cze 
044 |a CZ 
245 1 0 |a Učebnice hospodářské politiky  |c M. Žák Z 
520 |a Teoretické zdroje formovania teórie hospodárskej politiky. Vývoj teórie hospodárskej politiky. Dve skupiny prístupu štátu k hospodárstvu: liberálna hospodárska politika, intervencionistická hospodárska politika. Smery, propagujúce liberálnu hospodársku politiku - fyziokrati, klasický liberalizmus, neoklasicizmus. Smery propagujúce intervencionistickú hospodársku politiku - merkantilisti, školy vychádzajúce z J.M. Keynesa, riadenie pomocou plánovania. 
610 2 0 |a teórie ekonomické 
610 2 0 |a politika hospodárska 
610 2 0 |a liberalizmus 
610 2 0 |a monetarizmus 
610 2 0 |a keynesizmus 
610 2 0 |a neoklasicizmus 
610 2 0 |a fyziokratizmus 
610 2 0 |a Keynes, J.M. 
610 2 0 |a Say, J.B. 
610 2 0 |a dejiny myslenia ekonomického 
610 2 0 |a intervencionizmus štátny 
100 1 |a Žák, M.Z.